000 01146nam0a2200337 i 4500
001 RU\NLR\BIBL_A\010104063
005 20260406074722.0
010 _a9785992112894
_97000
021 _aRU
_b2013-100078
_96953
035 _a(NILC)RuMoRGB-006712886
035 _a(NLR Aleph) 010104063
090 _a9942846
_c9942846
100 _a20140206d2013 b y0rusy50 ca
101 0 _arus
102 _aRU
105 _aa||||||||||||
200 1 _aНовогодний лесной экспресс
_e[стихи
_eдля чтения взрослыми детям]
_fИнна Ищук
_g[худож. Б. Тынянов]
210 _aМосква
_cЛИНГ
_d2013
215 _a[10] с.
_cцв. ил.
_d22
225 1 _aЧитаем с мамой
675 _a821.161.1-93
686 0 _aШ9(2)60=Р7-5
700 1 _8rus
_7ca
_aИщук
_bИ. А.
_f1972-
_gИнна Анатольевна
_3RU\NLR\AUTH\7735346
_918343
702 1 _aТынянов
_bБ.
_4040
801 0 _aRU
_bRuMoRKP
_c20131212
_gRCR
801 2 _aRU
_bРГБ
_c20140109
801 1 _aRU
_bRuMoRKP
_c20131212
_2rusmarc
942 _cBOOK
980 _aNBR